Statistics for Speed Limits In Washington

Click here to take the quiz!

General Stats

  • This quiz has been taken 9 times
  • The average score is 8 of 11

Answer Stats

HintAnswer% Correct
Maximum speed limit for roads with stop lights50 mph
100%
Speed Limit for most state highways and US highways with windy or mountainous roads (i.e.; WA-410 and US-101, for example)55 mph
100%
Speed Limit for most US and state highways60 mph
100%
Urban sections of Interstate highways (parts of I-5, I-90, I-82, 1-182 and all of I-205, I-405 and I-705)60 mph
100%
Maximum speed limit for semi trucks, trailers and vehicles over 10,000 lbs on any freeway, highway or road60 mph
100%
Rural sections of Interstate highways (most of I-5, I-90, I-82, I-182; also a section of US-395)70 mph
100%
Neighborhoods, Residential Streets, most City and downtown Streets25 mph
83%
Maximum speed limit for undivided state highways and US highways (i.e.; sections of US-2, US-97, WA-14, for example)65 mph
83%
School Zones20 mph
67%
City roads outside of downtown30, 35, 40, or 45 mph
0%
Parking Lots5, 10 or 15 mph
0%

Score Distribution

Percentile by Number Answered

Percent of People with Each Score

Your Score History

You have not taken this quiz